000 00328nam a22001337a 4500
008 250320b |||||||| |||| 00| 0 eng d
020 _a0435186582
050 _aPN 701
_b.N44
100 _aNeelands Jonathan
245 _aMaking Sense of Drama
260 _aOxford
_bHeinemann Educational
_c1984
300 _a122p.
942 _cBK
999 _c2532
_d2532